00623nam a2200205Ia 4500001000700000008004100007035001500048041001300063084001900076100002200095245014000117260002600257300002300283500003500306650001200341650002200353650001600375650000700391700001900398004586221003s1999 xx 000 0 spa d aCENDO_9320 aspaaeng aMU-00027-00002 aCLAUWAERT, Stefan 0aAnálisis de la puesta en marcha de la directiva permiso parental en los estados miembros de la UE /cStefan Clauwaert y Sabine Harger a[s.l. :bs.n.],c1999 a[13] h. ;c 30 cm aTexto en inglés y castellano aMUJERES aLICENCIA PARENTAL aLEGISLACION aCE aHARGER, Sabine